[Event "World Rapid 2023"]
[Site "Samarkand UZB"]
[Date "2023.12.26"]
[EventDate "2023.12.26"]
[Round "5.73"]
[Result "0-1"]
[White "Maksim Tsaruk"]
[Black "Rudik Makarian"]
[WhiteElo "2460"]
[BlackElo "2530"]
[PlyCount "136"]

1. e4 c5 2. Nf3 d6 3. Bb5+ Nd7 4. O-O a6 5. Bd3 Ngf6 6. Re1 b5 7. c4 b4 8. a3
bxa3 9. Rxa3 g6 10. Nc3 Bg7 11. Bc2 O-O 12. Ba4 Bb7 13. Bxd7 Nxd7 14. d3 e6 15.
Bg5 Qb6 16. Qd2 Ne5 17. Nxe5 Bxe5 18. Bf4 Bxf4 19. Qxf4 Qxb2 20. Rea1 Qb6 21. h4
Qd8 22. h5 e5 23. Qg3 Kg7 24. f4 exf4 25. Qxf4 h6 26. Rb3 Bc6 27. e5 g5 28. Qf2
Re8 29. exd6 Qxd6 30. Rf1 Qd4 31. Rb6 Re6 32. Ne2 Qxf2+ 33. Rxf2 Rd8 34. Ng3
Rxd3 35. Nf5+ Kh7 36. Rxa6 Bd7 37. Ra7 Re1+ 38. Kh2 Be6 39. Ne7 Re4 40. Nd5 Rh4+
41. Kg1 Rd1+ 42. Rf1 Rxf1+ 43. Kxf1 Rxc4 44. Nc7 Bg4 45. Nd5 Bxh5 46. Kf2 Bg6
47. Rc7 Kg7 48. Ne3 Rc3 49. g4 Rc1 50. Ke2 Rc3 51. Kd2 Rd3+ 52. Ke2 Rd4 53. Rxc5
Rf4 54. Rc7 h5 55. gxh5 Bxh5+ 56. Ke1 Bg6 57. Rc5 Kh6 58. Rc8 g4 59. Rc4 Rxc4
60. Nxc4 f5 61. Ne5 Kg5 62. Kf2 f4 63. Nc4 Be4 64. Nd2 Bd5 65. Nf1 Kh4 66. Nd2
g3+ 67. Kg1 f3 68. Kf1 Kh3 0-1

[Event "World Rapid 2023"]
[Site "Samarkand UZB"]
[Date "2023.12.26"]
[EventDate "2023.12.26"]
[Round "5.74"]
[Result "0-1"]
[White "Anton Smirnov"]
[Black "Benjamin Haldorsen"]
[WhiteElo "2586"]
[BlackElo "2445"]
[PlyCount "102"]

1. e4 c5 2. Nf3 e6 3. d4 cxd4 4. Nxd4 Nc6 5. Nc3 Qc7 6. Qd3 Nxd4 7. Qxd4 a6 8.
Be3 d6 9. Na4 Bd7 10. Nb6 Rd8 11. Nxd7 Rxd7 12. Qc4 Nf6 13. Qxc7 Rxc7 14. Bd3
Be7 15. f3 d5 16. Bf4 Rc6 17. O-O-O dxe4 18. fxe4 O-O 19. h3 Nh5 20. Bd2 Ng3 21.
Rhe1 Bc5 22. Be3 Rfc8 23. c3 h6 24. a3 Kf8 25. e5 Ke7 26. Rd2 Nf5 27. Bxc5+ Rxc5
28. Re4 Rd8 29. Bc2 Rxd2 30. Kxd2 Ng3 31. Re1 Rd5+ 32. Bd3 g5 33. Kc2 h5 34. b4
h4 35. a4 f5 36. exf6+ Kxf6 37. a5 Re5 38. Rb1 Nf5 39. Rf1 Ke7 40. Kd2 Kd6 41.
Rf3 Kc7 42. Be2 Nd6 43. Ke1 b6 44. axb6+ Kxb6 45. Rd3 Nf5 46. Kf2 a5 47. Rd8 Ng3
48. Bf3 axb4 49. cxb4 Kc7 50. Re8 Nh1+ 51. Kg1 Re1+ 0-1

[Event "World Rapid 2023"]
[Site "Samarkand UZB"]
[Date "2023.12.26"]
[EventDate "2023.12.26"]
[Round "5.75"]
[Result "0-1"]
[White "Amilal Munkhdalai"]
[Black "Sumiya Bilguun"]
[WhiteElo "2388"]
[BlackElo "2466"]
[PlyCount "74"]

1. e4 c5 2. Nf3 d6 3. d4 cxd4 4. Nxd4 Nf6 5. f3 a6 6. c4 e6 7. Nc3 b6 8. Be3 Bb7
9. Be2 Nbd7 10. O-O Be7 11. a4 O-O 12. a5 bxa5 13. Nb3 Rb8 14. Nxa5 Ba8 15. Qd2
Qc7 16. b4 d5 17. exd5 Bxb4 18. dxe6 fxe6 19. Nb3 Bd6 20. Nd4 Bxh2+ 21. Kh1 Nc5
22. f4 Bg3 23. Bf3 Nfe4 24. Bxe4 Nxe4 25. Nxe4 Bxe4 26. Ne2 Bh4 27. c5 Rfd8 28.
Qa2 Qf7 29. f5 Bd5 30. Qa4 Bf6 31. Rae1 exf5 32. Rxf5 Qg6 33. Rf2 Qh5+ 34. Kg1
Bh4 35. Nf4 Bxf2+ 36. Bxf2 Qg4 37. Rc1 0-1

[Event "World Rapid 2023"]
[Site "Samarkand UZB"]
[Date "2023.12.26"]
[EventDate "2023.12.26"]
[Round "5.77"]
[Result "1/2-1/2"]
[White "Ediz Gurel"]
[Black "Robert Ruck"]
[WhiteElo "2560"]
[BlackElo "2531"]
[PlyCount "152"]

1. e4 c6 2. d4 d5 3. Nc3 dxe4 4. Nxe4 Bf5 5. Ng3 Bg6 6. h4 h6 7. Nf3 Nd7 8. h5
Bh7 9. Bd3 Bxd3 10. Qxd3 e6 11. Bd2 Ngf6 12. O-O-O Be7 13. Ne4 Nxe4 14. Qxe4 Nf6
15. Qe2 Qd5 16. c4 Qe4 17. Qxe4 Nxe4 18. Be3 f5 19. Kc2 Rd8 20. Rhe1 O-O 21. Re2
Rfe8 22. a4 Bd6 23. a5 a6 24. Rg1 Nf6 25. Rh1 Ne4 26. Nd2 Nxd2 27. Bxd2 Kf7 28.
Bc3 Be7 29. f3 Bf6 30. Rd1 Rd7 31. g4 fxg4 32. fxg4 Red8 33. Red2 Rd6 34. Rd3
R6d7 35. R1d2 Rd6 36. Rf3 Kg8 37. Rfd3 Kf7 38. b4 R6d7 39. Bb2 Rd6 40. Bc3 R6d7
41. Rf3 Kg8 42. Rfd3 Kf7 43. Rd1 Rd6 44. R3d2 R6d7 45. Rf1 Kg8 46. Re1 Bxd4 47.
Rxe6 Bxc3 48. Rxd7 Rxd7 49. Kxc3 Kf7 50. Re5 Kf6 51. Rf5+ Ke6 52. Rf8 Ke5 53. b5
cxb5 54. cxb5 Rd5 55. b6 Ke6 56. Rb8 Rd7 57. Rc8 Kd6 58. Kd4 Re7 59. Rc2 Re5 60.
Rc7 Rxa5 61. Rxg7 Ra4+ 62. Ke3 Ke5 63. Rxb7 Rxg4 64. Rh7 Rb4 65. Rxh6 Kf5 66.
Rg6 a5 67. Kd3 a4 68. Kc3 Rb1 69. Kc2 Rb4 70. Kc3 Rb1 71. Kc2 Rb4 72. Rc6 a3 73.
h6 a2 74. Rc5+ Kg6 75. Ra5 Rxb6 76. Rxa2 Kxh6 1/2-1/2

[Event "World Rapid 2023"]
[Site "Samarkand UZB"]
[Date "2023.12.26"]
[EventDate "2023.12.26"]
[Round "5.78"]
[Result "1-0"]
[White "Vadim Zvjaginsev"]
[Black "Almas Rakhmatullaev"]
[WhiteElo "2567"]
[BlackElo "2383"]
[PlyCount "68"]

1. d4 d5 2. c4 e6 3. Nc3 a6 4. e3 Nf6 5. b3 Bd6 6. Bd3 O-O 7. Nf3 c5 8. O-O Nc6
9. Bb2 cxd4 10. exd4 b6 11. Rc1 Bb7 12. a3 dxc4 13. bxc4 Rc8 14. Ne4 Be7 15. Re1
Na5 16. Ng3 Bd6 17. Qe2 Bf4 18. Rc2 Re8 19. Ne5 h6 20. Ng4 Nxg4 21. Qxg4 Qg5 22.
Qe2 Qd8 23. Nh5 Bd6 24. f4 Bf8 25. Qg4 Re7 26. Re3 Qd6 27. Nf6+ Kh8 28. Rh3 g6
29. d5 e5 30. fxe5 Rxe5 31. Ne4 Qb8 32. Qf4 Bg7 33. Rxh6+ Kg8 34. Nf6+ 1-0

[Event "World Rapid 2023"]
[Site "Samarkand UZB"]
[Date "2023.12.26"]
[EventDate "2023.12.26"]
[Round "5.79"]
[Result "0-1"]
[White "Mahammad Muradli"]
[Black "Khumoyun Begmuratov"]
[WhiteElo "2550"]
[BlackElo "2371"]
[PlyCount "86"]

1. Nf3 Nf6 2. c4 e6 3. g3 b6 4. Bg2 Bb7 5. O-O Be7 6. Nc3 O-O 7. Re1 d5 8. cxd5
Nxd5 9. e4 Nxc3 10. bxc3 c5 11. d4 cxd4 12. cxd4 Nd7 13. Bb2 Nf6 14. Qd3 a5 15.
Ne5 b5 16. Rad1 Qb6 17. g4 Rad8 18. Qg3 Nd7 19. Nd3 b4 20. Nf4 Bd6 21. e5 Bxg2
22. Qxg2 Be7 23. d5 exd5 24. Nxd5 Qe6 25. f4 Bc5+ 26. Kh1 Nb6 27. f5 Qc8 28. e6
fxe6 29. fxe6 Nxd5 30. Rxd5 Rxd5 31. Qxd5 Be7 32. Rc1 Qa6 33. Qe4 a4 34. Kg2 Rd8
35. Rc2 a3 36. Ba1 Kh8 37. Rf2 Kg8 38. Bxg7 Qd3 39. Qf4 Qd5+ 40. Kh3 Qxe6 41.
Bh6 Rd3+ 42. Kg2 Qc6+ 43. Kf1 Qh1+ 0-1

[Event "World Rapid 2023"]
[Site "Samarkand UZB"]
[Date "2023.12.26"]
[EventDate "2023.12.26"]
[Round "5.80"]
[Result "1-0"]
[White "Alisher Suleymenov"]
[Black "Shahruh Turayev"]
[WhiteElo "2513"]
[BlackElo "2183"]
[PlyCount "32"]

1. d4 d5 2. c4 dxc4 3. e3 e5 4. Bxc4 exd4 5. exd4 Nf6 6. Qe2+ Be7 7. Nf3 O-O 8.
O-O Bg4 9. Re1 Nc6 10. d5 Na5 11. b3 Re8 12. Qd3 c6 13. dxc6 Nxc4 14. Qxc4 Bxf3
15. c7 Qd5 16. gxf3 Qxc4 1-0

[Event "World Rapid 2023"]
[Site "Samarkand UZB"]
[Date "2023.12.26"]
[EventDate "2023.12.26"]
[Round "5.81"]
[Result "0-1"]
[White "Emin Ohanyan"]
[Black "Guha Mitrabha"]
[WhiteElo "2456"]
[BlackElo "2508"]
[PlyCount "76"]

1. d4 Nf6 2. c4 e6 3. Nf3 c5 4. d5 exd5 5. cxd5 d6 6. Nc3 a6 7. a4 Qe7 8. Nd2
Nbd7 9. Nc4 Ne5 10. Nb6 Rb8 11. Nxc8 Rxc8 12. e4 g6 13. Be2 Bg7 14. O-O O-O 15.
f4 Ned7 16. Bf3 Ne8 17. g4 Rb8 18. a5 b5 19. axb6 Rxb6 20. g5 Nc7 21. h4 Rb4 22.
h5 Nb5 23. Nxb5 axb5 24. Ra7 Qd8 25. Qd2 Rb3 26. Qh2 c4 27. hxg6 fxg6 28. Kh1
Nc5 29. Kg2 Qb6 30. Re7 Nd3 31. Bg4 h5 32. gxh6 Bf6 33. Rd7 Qd4 34. h7+ Kh8 35.
Qh6 Bg7 36. Qxg6 Nxc1 37. e5 Rxb2+ 38. Kh1 Qxe5 0-1

[Event "World Rapid 2023"]
[Site "Samarkand UZB"]
[Date "2023.12.26"]
[EventDate "2023.12.26"]
[Round "5.82"]
[Result "0-1"]
[White "Faustino Oro"]
[Black "Venkataraman Karthik"]
[WhiteElo "2357"]
[BlackElo "2609"]
[PlyCount "98"]

1. e4 c5 2. Nf3 d6 3. c3 Nf6 4. h3 Nc6 5. Bd3 e5 6. Bc2 d5 7. exd5 Qxd5 8. Qe2
Be7 9. d3 h6 10. O-O O-O 11. Nbd2 Bf5 12. Nc4 Rfe8 13. Ne3 Qd7 14. Nxf5 Qxf5 15.
Re1 Bf8 16. Nd2 Nd5 17. Ne4 Qd7 18. Qf3 Rad8 19. Bd2 Kh8 20. Rad1 a6 21. a4 b6
22. Bb3 Re7 23. Ng3 Re6 24. Bc4 Rf6 25. Qe4 Nc7 26. Bc1 b5 27. Ba2 Rd6 28. axb5
axb5 29. Be3 c4 30. Bb1 g6 31. Bc5 Rd5 32. Bxf8 Rxf8 33. Qh4 Kg7 34. Re3 f5 35.
f4 e4 36. d4 b4 37. Nf1 Rb5 38. Nd2 bxc3 39. bxc3 Nd5 40. Nxc4 Nxe3 41. Nxe3 Rb3
42. Qe1 Na5 43. c4 Qa7 44. Bc2 Ra3 45. c5 Rd8 46. Kh2 Qc7 47. Qf2 Ra2 48. d5 Kh7
49. Nf1 0-1

[Event "World Rapid 2023"]
[Site "Samarkand UZB"]
[Date "2023.12.26"]
[EventDate "2023.12.26"]
[Round "5.83"]
[Result "1/2-1/2"]
[White "Baadur Jobava"]
[Black "Saidakbar Saydaliev"]
[WhiteElo "2591"]
[BlackElo "2426"]
[PlyCount "192"]

1. e4 e5 2. Nf3 Nc6 3. d4 exd4 4. Nxd4 Nf6 5. Nxc6 bxc6 6. Bd3 d5 7. exd5 cxd5
8. O-O Be7 9. h3 O-O 10. Nd2 c5 11. b3 Be6 12. Re1 a5 13. a4 Rc8 14. Ba6 Rc7 15.
Bb2 d4 16. c3 Nd5 17. cxd4 cxd4 18. Bc4 Bb4 19. Bxd4 Rd7 20. Ra2 Nf4 21. Be3 Nd5
22. Bxd5 Rxd5 23. Qe2 Rd3 24. Rb1 Bf5 25. Rc1 Re8 26. Nf3 h6 27. Raa1 Bc3 28.
Ra2 Qd5 29. Rac2 Qxb3 30. Qxd3 Bxd3 31. Rxc3 Qd5 32. Rd1 Rd8 33. Bb6 Rd7 34.
Rcxd3 Qxd3 35. Rxd3 Rxd3 36. Bxa5 Ra3 37. Bb6 Rxa4 38. g3 Rb4 39. Be3 Ra4 40.
Kg2 Rc4 41. g4 f6 42. Kg3 Kf7 43. Nd4 Ra4 44. Nf5 Ra3 45. h4 Rb3 46. h5 Ra3 47.
Nd6+ Ke6 48. Nf5 Kf7 49. Kf4 Ra4+ 50. Bd4 Rb4 51. Ke4 Rb1 52. Kd5 Rg1 53. Ng3
Rd1 54. f4 Rd2 55. Ne4 Rg2 56. Nf2 Rg3 57. Ke4 Ra3 58. Nd1 Ra4 59. Ne3 Ra2 60.
Nf5 Rh2 61. Nd6+ Ke6 62. Nf5 Kf7 63. Kf3 Rh1 64. Kg3 Rd1 65. Be3 Re1 66. Kf3 Rh1
67. Ke4 Rh2 68. Nd6+ Ke6 69. Nb5 Ra2 70. Nd4+ Kf7 71. Nf3 Rg2 72. Nh4 Ra2 73.
Kf3 Ra1 74. Bd4 Rf1+ 75. Ke4 Re1+ 76. Kd5 Rh1 77. Nf5 Rh2 78. Nd6+ Ke7 79. Bc5
Rg2 80. Nf5+ Kf7 81. Ne3 Rh2 82. Ke4 Rh1 83. Bd4 Rh2 84. Nf5 Rh1 85. Ng3 Rd1 86.
g5 hxg5 87. fxg5 fxg5 88. Nf5 g6 89. Nd6+ Kf8 90. h6 Kg8 91. Ne8 Kh7 92. Nf6+
Kxh6 93. Be3 Rf1 94. Ke5 Rf3 95. Bc1 Rc3 96. Bxg5+ 1/2-1/2

[Event "World Rapid 2023"]
[Site "Samarkand UZB"]
[Date "2023.12.26"]
[EventDate "2023.12.26"]
[Round "5.85"]
[Result "1-0"]
[White "O'Gorman, Tom"]
[Black "Giovanni Vescovi"]
[WhiteElo "2322"]
[BlackElo "2584"]
[PlyCount "80"]

1. d4 d5 2. c4 e6 3. Nc3 Be7 4. Nf3 Nf6 5. Bf4 O-O 6. e3 Nbd7 7. c5 c6 8. h3 b6
9. b4 a5 10. a3 Bb7 11. Bd3 Qc8 12. O-O Ba6 13. Re1 Bxd3 14. Qxd3 Qb7 15. Qc2
Ra7 16. Reb1 axb4 17. axb4 Rxa1 18. Rxa1 Ra8 19. Rxa8+ Qxa8 20. Qa4 Qxa4 21.
Nxa4 b5 22. Nb6 Nxb6 23. cxb6 Nd7 24. b7 f6 25. b8=Q+ Nxb8 26. Bxb8 Bxb4 27. Kf1
Kf7 28. Ke2 Ke7 29. Ne1 Kd7 30. Nd3 Ba5 31. Nc5+ Ke7 32. Ba7 e5 33. Nb3 Bc7 34.
Bc5+ Ke6 35. Bb4 h5 36. Kd3 Bb6 37. Nc5+ Kf5 38. Na6 Ba7 39. Bf8 g5 40. Nb4 1-0

[Event "World Rapid 2023"]
[Site "Samarkand UZB"]
[Date "2023.12.26"]
[EventDate "2023.12.26"]
[Round "5.86"]
[Result "1-0"]
[White "Alexandr Predke"]
[Black "Akmal Fayzullaev"]
[WhiteElo "2689"]
[BlackElo "2367"]
[PlyCount "96"]

1. d4 Nf6 2. c4 c5 3. d5 g6 4. Nc3 Bg7 5. e4 d6 6. Nf3 O-O 7. h3 a6 8. Be3 e6 9.
a4 Qe7 10. Bd3 Nbd7 11. O-O e5 12. Bg5 Qe8 13. Qc2 Kh8 14. a5 Ng8 15. Ne2 f6 16.
Bd2 Bh6 17. Bc3 Ne7 18. Ng3 Qf7 19. b4 f5 20. bxc5 Nxc5 21. Bb4 f4 22. Ne2 Bg7
23. Bxc5 dxc5 24. Rab1 g5 25. Rb6 g4 26. hxg4 Bxg4 27. Nh2 Bc8 28. Kh1 Qh5 29.
Ng1 f3 30. Nxf3 Rxf3 31. Be2 Bg4 32. gxf3 Bh3 33. Rg1 Qh4 34. Qb2 Rg8 35. Rxb7
Bf6 36. Rxe7 Bxe7 37. Qxe5+ Bf6 38. Rxg8+ Kxg8 39. Qg3+ Kf7 40. Qxh4 Bxh4 41. f4
Bxf2 42. Bg4 Bxg4 43. Nxg4 Be1 44. Ne5+ Ke8 45. Nc6 h5 46. f5 Bc3 47. e5 Kf8 48.
d6 1-0

[Event "World Rapid 2023"]
[Site "Samarkand UZB"]
[Date "2023.12.26"]
[EventDate "2023.12.26"]
[Round "5.87"]
[Result "0-1"]
[White "Bakhrom Bakhrillaev"]
[Black "Raunak Sadhwani"]
[WhiteElo "2332"]
[BlackElo "2654"]
[PlyCount "86"]

1. d4 Nf6 2. c4 e6 3. Nc3 Bb4 4. e3 O-O 5. Bd3 d5 6. Nf3 b6 7. cxd5 exd5 8. O-O
Ba6 9. Bxa6 Nxa6 10. Qa4 Qc8 11. Bd2 Qb7 12. Rac1 c5 13. dxc5 bxc5 14. a3 Bxc3
15. Bxc3 Ne4 16. b4 c4 17. Rfd1 Nc7 18. Be5 Ne6 19. Qa5 Rfd8 20. Nd4 Rd7 21.
Nxe6 fxe6 22. Rd4 Rc8 23. f3 Nd6 24. Rdd1 Nf5 25. Kf2 a6 26. Qa4 Rf7 27. Qc2 Qe7
28. Qc3 Qe8 29. Kg1 Ne7 30. e4 Rd8 31. Bc7 Rd7 32. Bg3 Qc8 33. Rd2 Ng6 34. Rcd1
Qc6 35. exd5 exd5 36. h4 h6 37. h5 Nf8 38. Qe5 Rfe7 39. Qf5 c3 40. Rc2 d4 41.
Bf2 Ne6 42. Qe5 Qa4 43. Qf5 0-1

[Event "World Rapid 2023"]
[Site "Samarkand UZB"]
[Date "2023.12.26"]
[EventDate "2023.12.26"]
[Round "5.88"]
[Result "1-0"]
[White "Sumiya Chinguun"]
[Black "Tigran K Harutyunyan"]
[WhiteElo "2319"]
[BlackElo "2519"]
[PlyCount "74"]

1. e4 e5 2. Nf3 Nc6 3. Bc4 Bc5 4. O-O Nf6 5. d3 d6 6. c3 a5 7. a4 O-O 8. Bg5 Ba7
9. Nbd2 h6 10. Bh4 g5 11. Bg3 Nh7 12. Bb5 Ne7 13. d4 f6 14. Bd3 Ng6 15. Nc4 h5
16. h4 g4 17. Ne1 f5 18. exf5 Bxf5 19. Bxf5 Rxf5 20. Qd3 Qf8 21. dxe5 dxe5 22.
Qd5+ Qf7 23. Qxb7 Rf8 24. Nxe5 Nxe5 25. Qxa7 Nf6 26. Qd4 c5 27. Qe3 Nc4 28. Qd3
Nd7 29. b3 Nce5 30. Qc2 c4 31. bxc4 Qxc4 32. Rd1 Nc5 33. Bxe5 Rxe5 34. Qg6+ Kh8
35. Nd3 Nxd3 36. Rxd3 Qf4 37. Rd7 1-0

[Event "World Rapid 2023"]
[Site "Samarkand UZB"]
[Date "2023.12.26"]
[EventDate "2023.12.26"]
[Round "5.89"]
[Result "1-0"]
[White "Cem Kaan Gokerkan"]
[Black "Daler Vakhidov"]
[WhiteElo "2523"]
[BlackElo "2175"]
[PlyCount "80"]

1. e4 c5 2. Nf3 g6 3. c3 d5 4. e5 a6 5. d4 Nc6 6. h3 Bg7 7. Bd3 f6 8. Bf4 Nh6 9.
exf6 exf6 10. dxc5 Qe7+ 11. Qe2 Ne5 12. O-O O-O 13. b4 a5 14. Nbd2 g5 15. Bg3 g4
16. hxg4 Bxg4 17. Rfe1 axb4 18. cxb4 Qe8 19. Qe3 Nhf7 20. Qd4 Qd7 21. Nh2 Bh5
22. Bc2 Rfe8 23. Bb3 Rad8 24. Qh4 Bg6 25. Rad1 Nd3 26. Rxe8+ Rxe8 27. Qd4 Rd8
28. Ndf3 Nfe5 29. a3 Kh8 30. Nh4 f5 31. Rxd3 Nxd3 32. Qxd3 Qe6 33. N2f3 Qe4 34.
Nxg6+ hxg6 35. Qxe4 fxe4 36. Ng5 Rd7 37. Ba4 Re7 38. Bd6 e3 39. Bxe7 e2 40. Nf3 1-0

[Event "World Rapid 2023"]
[Site "Samarkand UZB"]
[Date "2023.12.26"]
[EventDate "2023.12.26"]
[Round "5.90"]
[Result "1-0"]
[White "David Akhmedov"]
[Black "Mohamed Tissir"]
[WhiteElo "2244"]
[BlackElo "2349"]
[PlyCount "62"]

1. e4 c5 2. Nf3 e6 3. d3 d6 4. g3 Be7 5. Bg2 Nd7 6. O-O b6 7. Re1 Bb7 8. Nbd2 g5
9. Nc4 g4 10. Nfd2 h5 11. a4 a6 12. c3 Qc7 13. b3 Ngf6 14. Bb2 h4 15. d4 hxg3
16. hxg3 O-O-O 17. Ne3 Rdg8 18. b4 Rh6 19. a5 b5 20. dxc5 dxc5 21. c4 Bd6 22.
cxb5 axb5 23. a6 Bc6 24. a7 Kb7 25. Nb3 Bxe4 26. Bxe4+ Nxe4 27. Nd5 Bxg3 28.
Nxc7 Rh1+ 29. Kxh1 Nxf2+ 30. Kg2 Nxd1 31. Rexd1 1-0

[Event "World Rapid 2023"]
[Site "Samarkand UZB"]
[Date "2023.12.26"]
[EventDate "2023.12.26"]
[Round "5.91"]
[Result "0-1"]
[White "Gianmarco Leiva"]
[Black "Sergey Sklokin"]
[WhiteElo "2398"]
[BlackElo "1780"]
[PlyCount "216"]

1. d4 d5 2. Nf3 e6 3. Bf4 c5 4. e3 Nc6 5. c3 Nf6 6. Nbd2 Bd6 7. Bg3 a6 8. Bd3 h6
9. Ne5 Bxe5 10. dxe5 Nd7 11. f4 c4 12. Be2 O-O 13. Nf3 Qb6 14. Qc1 Nc5 15. Nd4
Bd7 16. Qc2 Ne4 17. Bf3 Nc5 18. O-O a5 19. Kh1 a4 20. a3 Nd3 21. Rab1 Nc5 22.
Bh4 Nxd4 23. exd4 Ne4 24. Bxe4 dxe4 25. Qxe4 Bc6 26. Qe2 Qb5 27. Rbe1 Qd5 28.
Rf2 Qd7 29. Qg4 Kh7 30. Re3 Rg8 31. Rfe2 Rae8 32. Rg3 Bd5 33. Qh5 Ref8 34. Bg5
f6 35. Bh4 Qf7 36. Qxf7 Rxf7 37. exf6 gxf6 38. Rxg8 Kxg8 39. Kg1 f5 40. Re5 Rg7
41. g3 h5 42. Bg5 Rc7 43. Kf2 Rc6 44. Be7 Kf7 45. Bc5 Rc8 46. Re1 Rg8 47. Bd6
Rg6 48. Bc7 Rg8 49. Re2 Rg4 50. Bd8 Rg8 51. Bg5 Rc8 52. Ke1 Rc6 53. Kd2 Rc8 54.
Re1 Rc6 55. Rg1 Rc8 56. h3 Rh8 57. Ke3 Rh7 58. Bd8 b5 59. Bg5 Rh8 60. Kf2 Rh7
61. Bd8 Ke8 62. Bf6 Kf7 63. Be5 Rh6 64. Ke3 Rg6 65. Bc7 Ke8 66. Kf2 Kd7 67. Be5
Ke8 68. Bd6 Kf7 69. Bc5 Rg8 70. Bb6 Rg6 71. Bd8 Rg8 72. Bg5 Rh8 73. Rf1 Rh7 74.
Kg1 Rh8 75. Re1 Rh7 76. Re5 Rh8 77. Bh4 Rg8 78. Kf2 Rg7 79. Bg5 Rh7 80. Ke2 Rh8
81. Ke1 Rh7 82. Kf2 Rh8 83. g4 hxg4 84. hxg4 Rh2+ 85. Kf1 fxg4 86. f5 g3 87.
fxe6+ Bxe6 88. Re3 Rxb2 89. Rf3+ Kg6 90. Rxg3 Kf5 91. Ke1 Rb1+ 92. Ke2 Ra1 93.
Bd2 Rxa3 94. Rg5+ Kf6 95. Rxb5 Ra1 96. Bg5+ Kg6 97. Be7 a3 98. Ra5 a2 99. Bh4
Rh1 100. Be1 Rh2+ 101. Bf2 Bg4+ 102. Ke3 Rh3+ 103. Kd2 Rd3+ 104. Kc2 Bd1+ 105.
Kc1 Bb3 106. Ra6+ Kf5 107. Ra5+ Kg4 108. d5 Rd1+ 0-1

[Event "World Rapid 2023"]
[Site "Samarkand UZB"]
[Date "2023.12.26"]
[EventDate "2023.12.26"]
[Round "5.68"]
[Result "1-0"]
[White "Bobir Sattarov"]
[Black "Timur Yonal"]
[WhiteElo "2353"]
[BlackElo "2003"]
[PlyCount "68"]

1. e4 c5 2. Nf3 d6 3. d4 cxd4 4. Nxd4 Nf6 5. f3 e5 6. Nb3 Be6 7. c4 Be7 8. Nc3
O-O 9. Be3 Nbd7 10. Be2 Rc8 11. Nd5 Ne8 12. Qd2 f5 13. exf5 Rxf5 14. Na5 Nb6 15.
Nxb7 Qd7 16. Na5 Rb8 17. Nxe7+ Qxe7 18. Nc6 Qc7 19. Nxb8 Qxb8 20. b3 Rf7 21. O-O
Rd7 22. f4 e4 23. f5 Bf7 24. Bd4 d5 25. c5 Nc8 26. f6 g6 27. Bg4 Rd8 28. Rac1
Qc7 29. Rc3 h5 30. Bxh5 gxh5 31. Qh6 h4 32. Qxh4 Bg6 33. f7+ Bxf7 34. Qh8# 1-0

[Event "World Rapid 2023"]
[Site "Samarkand UZB"]
[Date "2023.12.26"]
[EventDate "2023.12.26"]
[Round "5.93"]
[Result "0-1"]
[White "Danis Kuandykuly"]
[Black "Abdimalik Abdisalimov"]
[WhiteElo "2095"]
[BlackElo "2496"]
[PlyCount "88"]

1. e4 c5 2. Nf3 d6 3. d4 cxd4 4. Nxd4 Nf6 5. Nc3 a6 6. Bg5 e6 7. f4 Qb6 8. Nb3
Be7 9. Qf3 Nbd7 10. O-O-O Qc7 11. Bd3 h6 12. Bh4 g5 13. Bg3 gxf4 14. Bxf4 Ne5
15. Qe2 b5 16. a3 Bb7 17. Rhf1 Rc8 18. Bg3 h5 19. Bh4 Nfg4 20. Bxe7 Qxe7 21. h3
Qg5+ 22. Rd2 Ne3 23. h4 Qh6 24. Na5 Nxf1 25. Qxf1 Ba8 26. Qf2 Rg8 27. Kb1 Ng4
28. Qe1 Qe3 29. Re2 Qb6 30. Nd1 Ne5 31. Ne3 Ke7 32. Qb4 Qc5 33. Qd2 Rg3 34. Nf1
Qg1 35. Rf2 Rcg8 36. Rf4 Rxg2 37. Qc3 Qc5 38. Qb3 R8g4 39. Rxg4 Rxg4 40. Be2
Rxe4 41. Ng3 Re3 42. c3 Rxg3 43. Bxh5 Rg1+ 44. Bd1 Bf3 0-1

[Event "World Rapid 2023"]
[Site "Samarkand UZB"]
[Date "2023.12.26"]
[EventDate "2023.12.26"]
[Round "5.94"]
[Result "1/2-1/2"]
[White "Kanan Garayev"]
[Black "Van Foreest, Lucas"]
[WhiteElo "2356"]
[BlackElo "2530"]
[PlyCount "36"]

1. d4 d5 2. Nf3 e6 3. c4 Nf6 4. g3 Be7 5. Bg2 O-O 6. O-O dxc4 7. Qc2 a6 8. a4
Bd7 9. Qxc4 Bc6 10. Bg5 Bd5 11. Qd3 Nc6 12. Bxf6 gxf6 13. e4 Nb4 14. Qe2 Bb3 15.
Rc1 Na2 16. Re1 Nb4 17. Rc1 Na2 18. Re1 Nb4 1/2-1/2

[Event "World Rapid 2023"]
[Site "Samarkand UZB"]
[Date "2023.12.26"]
[EventDate "2023.12.26"]
[Round "5.95"]
[Result "1-0"]
[White "Elham Amar"]
[Black "Eldiar Orozbaev"]
[WhiteElo "2555"]
[BlackElo "2305"]
[PlyCount "72"]

1. e4 e6 2. d4 d5 3. Nc3 Nf6 4. Bg5 dxe4 5. Nxe4 Be7 6. Bxf6 gxf6 7. Qd2 f5 8.
Ng3 c5 9. Nf3 cxd4 10. O-O-O Nc6 11. Bb5 Qd5 12. c4 Qc5 13. Nxd4 O-O 14. Nb3 Qe5
15. Rhe1 Qf6 16. f4 Bb4 17. Qe3 Bxe1 18. Rxe1 Rd8 19. Bxc6 bxc6 20. Rf1 Ba6 21.
Rf3 Qh4 22. Nd4 Bxc4 23. Qc3 Rd5 24. Nxc6 Qxh2 25. Nf1 Bxf1 26. Rg3+ Qxg3 27.
Qxg3+ Kf8 28. Qc3 e5 29. fxe5 Rd3 30. Qc5+ Kg7 31. Ne7 Rad8 32. Nxf5+ Kg6 33.
Nd6 f6 34. Qc7 Ra8 35. Qf7+ Kg5 36. Qxf6+ 1-0

[Event "World Rapid 2023"]
[Site "Samarkand UZB"]
[Date "2023.12.26"]
[EventDate "2023.12.26"]
[Round "5.96"]
[Result "1-0"]
[White "Mamikon Gharibyan"]
[Black "Felix Xie"]
[WhiteElo "2504"]
[BlackElo "2244"]
[PlyCount "46"]

1. d4 Nf6 2. Nf3 g6 3. c4 Bg7 4. Nc3 d5 5. Bg5 dxc4 6. Qa4+ Nfd7 7. e3 O-O 8.
Bxc4 Nb6 9. Qb3 h6 10. Bh4 Nxc4 11. Qxc4 Nc6 12. O-O Bg4 13. Nd2 g5 14. Bg3 Bh5
15. d5 Ne5 16. Qb3 Rb8 17. e4 e6 18. Nc4 Ng6 19. dxe6 fxe6 20. Ne5 Bxe5 21.
Qxe6+ Kh7 22. Bxe5 Re8 23. Qf7# 1-0

[Event "World Rapid 2023"]
[Site "Samarkand UZB"]
[Date "2023.12.26"]
[EventDate "2023.12.26"]
[Round "5.97"]
[Result "0-1"]
[White "Gallego Alcaraz, Andres Felipe"]
[Black "Mustafokhuja Khusenkhojaev"]
[WhiteElo "2486"]
[BlackElo "2298"]
[PlyCount "58"]

1. d4 Nf6 2. Nf3 g6 3. c4 Bg7 4. Nc3 d5 5. e3 O-O 6. Bd2 e6 7. Rc1 b6 8. cxd5
exd5 9. Bd3 c5 10. dxc5 bxc5 11. O-O Nbd7 12. Na4 Ne4 13. Qc2 Bb7 14. Rfd1 Nxd2
15. Nxd2 Rc8 16. Be2 Qe7 17. Bf3 Rfd8 18. Nc4 Qe6 19. Na5 Ba8 20. Qe2 c4 21. b4
Ne5 22. Nc5 Nxf3+ 23. gxf3 Qb6 24. Qe1 c3 25. Rxc3 Qxb4 26. Rcc1 Qxe1+ 27. Rxe1
d4 28. e4 Bh6 29. Rc4 Bd2 0-1

[Event "World Rapid 2023"]
[Site "Samarkand UZB"]
[Date "2023.12.26"]
[EventDate "2023.12.26"]
[Round "5.98"]
[Result "0-1"]
[White "Rojas Salas, Steven"]
[Black "Vasquez Schroeder, Rodrigo"]
[WhiteElo "2172"]
[BlackElo "2475"]
[PlyCount "116"]

1. d4 Nf6 2. c4 e6 3. Nc3 Bb4 4. e3 O-O 5. Bd3 c5 6. Nf3 d5 7. cxd5 exd5 8. O-O
Bg4 9. h3 Bh5 10. dxc5 Bxc5 11. b3 Nc6 12. Bb2 a6 13. Rc1 Qd6 14. Ne2 Bxf3 15.
gxf3 Ba3 16. Bxa3 Qxa3 17. Bb1 Qb4 18. Nd4 Ne5 19. Rc7 Qb6 20. Qc2 Nc6 21. Rxc6
bxc6 22. Nxc6 Rfe8 23. Rc1 g6 24. Qc5 Qxc5 25. Rxc5 Kg7 26. Bd3 Rec8 27. b4 Nd7
28. Rc2 Rc7 29. Nd4 Rxc2 30. Bxc2 Nb6 31. Bb3 Rc8 32. f4 Nc4 33. a4 Rb8 34. b5
axb5 35. axb5 Nb6 36. Kg2 Ra8 37. Bd1 Ra1 38. Bf3 Rb1 39. h4 f5 40. h5 Kf6 41.
h6 Rb2 42. Kg3 Rb1 43. Kg2 Ke7 44. Kg3 Kd6 45. Be2 Nd7 46. Nf3 Nf6 47. Kg2 Rb2
48. Nd4 Ng8 49. Bd3 Nxh6 50. Kg3 Ng8 51. f3 Nf6 52. Kh3 Nd7 53. Bc2 Nc5 54. Kg3
Ne6 55. Nxe6 Kxe6 56. Bd3 Rb3 57. Bc2 Rxe3 58. b6 Kd6 0-1

[Event "World Rapid 2023"]
[Site "Samarkand UZB"]
[Date "2023.12.26"]
[EventDate "2023.12.26"]
[Round "5.99"]
[Result "1-0"]
[White "Jaloliddin Ilkhomi"]
[Black "Khalil Nafri"]
[WhiteElo "2222"]
[BlackElo "2248"]
[PlyCount "94"]

1. Nf3 Nf6 2. c4 g6 3. Nc3 Bg7 4. e4 d6 5. d4 O-O 6. Be2 e5 7. dxe5 dxe5 8. Qxd8
Rxd8 9. Bg5 Re8 10. Nd5 Nxd5 11. cxd5 c6 12. Bc4 cxd5 13. Bxd5 Na6 14. O-O-O Nc7
15. Bb3 Be6 16. Bxe6 Nxe6 17. Be3 Rec8+ 18. Kb1 Rc4 19. Rd7 b6 20. Nd2 Rc6 21.
Rd1 f5 22. f3 Bf8 23. Rd5 Nc7 24. Rd7 f4 25. Bf2 Rc8 26. Rc1 Nb5 27. Rxc6 Rxc6
28. a4 Rd6 29. Rxd6 Nxd6 30. Kc2 Kf7 31. Kc3 Ke6 32. Nc4 Nb7 33. b4 Be7 34. Na3
a5 35. Nc2 axb4+ 36. Nxb4 Bc5 37. Nd3 Bxf2 38. Nxf2 Nc5 39. Kb4 Kd6 40. Kb5 h5
41. h4 Nd7 42. Nd3 Kc7 43. Nb4 Kb8 44. Kc6 Nc5 45. a5 bxa5 46. Kxc5 axb4 47.
Kxb4 1-0